Put a Little Love on Me - Niall Horan (Lyrics) - Statistics

General Stats
  • This quiz has been taken 30 times
  • The average score is 297 of 345
Answer Stats
% Correct
a
100%
Do
100%
down
100%
I
100%
love
100%
my
100%
no
100%
on
100%
the
100%
The
100%
to
100%
To
100%
[Verse 1] | [Verse 2] We
100%
we
100%
you
100%
You
100%
'cause
95%
'Cause
95%
Is
95%
is
95%
little
95%
one
95%
put
95%
[Chorus] Put
95%
so
95%
So
95%
still
95%
up
95%
your
95%
are
90%
[Pre-Chorus] Are
90%
dancin'
90%
dressed
90%
falling
90%
Friday
90%
go
90%
hear
90%
look
90%
me
90%
need
90%
night
90%
only
90%
tears
90%
that
90%
there
90%
when
90%
When
90%
where
90%
wrong
90%
you're
90%
" | [Outro] You're
90%
all
85%
and
85%
And
85%
Another
85%
around
85%
callin'
85%
darlin'
85%
don't
85%
fight
85%
heart
85%
high
85%
holdin'
85%
it
85%
know
85%
nowhere
85%
skin
85%
this
85%
us
85%
weekend
85%
beneath
80%
get
80%
hate
80%
I've
80%
lights
80%
low
80%
nobody's
80%
show
80%
was
80%
wonder
80%
as
75%
collapsin'
75%
got
75%
hidden
75%
much
75%
came
70%
there's
70%
tryna
70%
were
70%
we're
70%
with
70%
but
65%
come
65%
nothing
65%
shadows
60%
words
60%
more
55%
thing
55%
saw
50%
'Til
50%
[Bridge] Last
45%
our
45%
Until
45%
wrote
45%
asking
40%
cried
40%
laughed
40%
ones
40%
say
40%
worst
40%
awake
35%
lay
35%
someone
35%
standing
35%
Stuck
35%
Will
35%
dancing
30%
close
25%
eyes
25%
first
25%
things
25%
Ayy
0%
ayy
0%
No matching quizzes found
Score Distribution
Percent of People with Each Score
Percentile by Number Answered
Your Score History
You have not taken this quiz